[Event "5th Karen Asrian Memorial"]
[Site "Jermuk ARM"]
[Date "2012.06.23"]
[Round "8.14"]
[White "Aghasaryan,R"]
[Black "Torosyan,N"]
[Result "1-0"]
[WhiteElo "2339"]
[BlackElo "2137"]

1.d4 Nf6 2.c4 e6 3.Nc3 Bb4 4.f3 d5 5.a3 Bxc3+ 6.bxc3 c5 7.cxd5 Nxd5 8.dxc5 f5
9.Nh3 Qa5 10.Nf4 Qxc5 11.Nxd5 exd5 12.Qd4 Qxd4 13.cxd4 Nc6 14.e3 Be6 15.Kf2 Kd7
16.Bd2 Rae8 17.Rb1 Kc7 18.Bd3 Rhf8 19.Rhc1 Rf7 20.Bb5 Bd7 21.Rc5 Kd6 22.Ba4 Nd8
23.Bb3 Bc6 24.Bb4 Ke6 25.Rbc1 Rf6 26.a4 a6 27.a5 g5 28.Re1 Nf7 29.Kg1 Nd8
30.e4 fxe4 31.fxe4 Kd7 32.Bxd5 Rd6 33.Rcc1 Rg6 34.Bc5 Ne6 35.Bxe6+ Rgxe6
36.d5 Bxd5 37.Red1  1-0

[Event "Teplice Open 2012"]
[Site "Teplice CZE"]
[Date "2012.06.24"]
[Round "9.21"]
[White "Van Vliet,D"]
[Black "Furman,Bo"]
[Result "0-1"]
[WhiteElo "2077"]
[BlackElo "2285"]

1.d4 Nf6 2.c4 e6 3.Nc3 Bb4 4.f3 c5 5.a3 Bxc3+ 6.bxc3 d5 7.cxd5 exd5 8.e3 c4
9.e4 dxe4 10.fxe4 Nxe4 11.Qf3 O-O 12.Bxc4 Qc7 13.Qxe4 Qxc4 14.Ne2 f5 15.Qf3 Re8
16.Kf2 Nd7 17.Re1 Nf6 18.Kg1 Bd7 19.Bg5 Bc6 20.Qf1 Nd5 21.Qf2 Nxc3 22.Nxc3 Qxc3
23.Rec1 Qd3 24.Rd1 Qe4 25.Bf4 Qd5 26.Qg3 Re6 27.Rd2 Rae8 28.Rad1 Rg6 29.Qf2 Re4
30.Rc1 Rxf4 31.Qxf4 Rxg2+ 32.Kf1 Bb5+  0-1

[Event "Stockholm Master Open 2012"]
[Site "Stockholm SWE"]
[Date "2012.06.29"]
[Round "3,1"]
[White "Cramling,D"]
[Black "Ornstein,A"]
[Result "1/2-1/2"]
[WhiteElo "2356"]
[BlackElo "2392"]

1.d4 Nf6 2.c4 e6 3.Nc3 Bb4 4.f3 c5 5.d5 exd5 6.cxd5 d6 7.e4 O-O 8.Bd3 Nbd7
9.Ne2 a6 10.a3 Ba5 11.O-O b5 12.Bg5 h6 13.Bh4 Ne5 14.f4 Ng6 15.Bg3 c4 16.Bc2 Ng4
17.Qd2 f5 18.h3 Bb6+ 19.Nd4 Nf6 20.exf5 Ne7 21.Bf2 Bxd4 22.Bxd4 Bxf5 23.Bxf5 Nxf5
24.Rae1 Nxd4 25.Qxd4 Rb8 26.Ne4  1/2-1/2

[Event "ch-UAE 2012"]
[Site "Abu Dhabi UAE"]
[Date "2012.07.01"]
[Round "5.11"]
[White "Sultan,I"]
[Black "Murad,Abdulla"]
[Result "1-0"]
[WhiteElo "1838"]
[BlackElo "1756"]

1.d4 Nf6 2.c4 e6 3.Nc3 Bb4 4.f3 d5 5.a3 Bxc3+ 6.bxc3 b6 7.Bg5 Bb7 8.cxd5 exd5
9.e3 O-O 10.Bd3 Re8 11.Qd2 h6 12.Bxf6 Qxf6 13.Ne2 Qe6 14.Kf2 Nd7 15.Nf4 Qd6
16.c4 c6 17.a4 Re7 18.a5 Nf6 19.a6 Bc8 20.Rhc1 g5 21.Ne2 Bd7 22.Ng3 Rae8
23.e4 dxe4 24.Bxe4 Nxe4+ 25.Nxe4 Qe6 26.d5 Qe5 27.Qc3 Qxc3 28.Rxc3 Kf8 29.Nf6 Rd8
30.c5 bxc5 31.Nxd7+ Rdxd7 32.dxc6 Rd2+ 33.Kg3 Ree2 34.c7 Rxg2+ 35.Kh3 Rxh2+
36.Kg4 h5+ 37.Kf5 Rd5+ 38.Ke4  1-0

[Event "40th TCh-GRE 2012"]
[Site "Achaea GRE"]
[Date "2012.07.01"]
[Round "3.1"]
[White "Tsakiris,H"]
[Black "Michelakos,P"]
[Result "0-1"]
[WhiteElo "1984"]
[BlackElo "2168"]

1.d4 Nf6 2.c4 e6 3.Nc3 Bb4 4.f3 d5 5.a3 Be7 6.cxd5 exd5 7.e3 c5 8.Bd3 O-O
9.Nge2 Nc6 10.O-O Re8 11.Kh1 a6 12.Bc2 b5 13.dxc5 Bxc5 14.Nd4 Ne5 15.b3 Ng6
16.Nce2 Bd6 17.Bd2 Bd7 18.Qe1 Qb8 19.Qf2 Bc5 20.Rfc1 Qa7 21.g4 Rf8 22.h3 Qb6
23.b4 Be7 24.g5 Ne8 25.f4 f6 26.Qg2 Nc7 27.gxf6 Rxf6 28.Rg1 Bf8 29.Qg3 Qd6
30.h4 Nxh4 31.Rgf1 Nf5 32.Qf3 Rh6+ 33.Kg1 Nxd4 34.Nxd4 Re8 35.Rac1 Kh8 36.Bb1 Be7
37.Rf2 Bf6 38.Rxc7  0-1

[Event "ch-Pan Americano U20 2012"]
[Site "Sao Paulo BRA"]
[Date "2012.07.03"]
[Round "8.18"]
[White "Zarate,F"]
[Black "de Carvalho,Igor Lorenzon"]
[Result "1-0"]
[WhiteElo "1768"]
[BlackElo "1865"]

1.d4 Nf6 2.c4 e6 3.Nc3 Bb4 4.f3 d5 5.a3 Bxc3+ 6.bxc3 c5 7.cxd5 Nxd5 8.Qd3 O-O
9.e4 Ne7 10.Be3 cxd4 11.cxd4 Nbc6 12.Ne2 Qa5+ 13.Bd2 Qa4 14.Bc3 Rd8 15.Qe3 f6
16.g4 b6 17.Rd1 Kf7 18.Ng3 Bb7 19.Bh3 g5 20.O-O e5 21.d5 Na5 22.Nh5 Nc4 23.Qe1 Ng6
24.Bg2 Qxa3 25.f4 exf4 26.Bxf6 Qe3+ 27.Kh1 Qxe1 28.Rdxe1 Re8 29.Bxg5 Nd6
30.Bxf4 Nxf4 31.Rxf4+ Ke7 32.e5 Kd8 33.Ng7 Re7 34.Ne6+ Kd7 35.exd6 Kxd6 36.Rf6 Bxd5
37.Nc7+ Kxc7 38.Rxe7+ Kd8 39.Rxh7 Bxg2+ 40.Kxg2 Ke8 41.Rh8+ Ke7 42.Rxa8 Kxf6
43.Rxa7 Ke5 44.Rb7  1-0

[Event "35th Barbera Open A"]
[Site "Barbera del Valles ESP"]
[Date "2012.07.04"]
[Round "1.27"]
[White "Shatko,D"]
[Black "Rios,Cr"]
[Result "0-1"]
[WhiteElo "2143"]
[BlackElo "2405"]

1.d4 Nf6 2.c4 e6 3.Nc3 Bb4 4.f3 c5 5.d5 Nh5 6.Nh3 Qh4+ 7.Nf2 Qxc4 8.e4 Bxc3+
9.bxc3 Qxc3+ 10.Bd2 Qa3 11.g4 Nf6 12.g5 Nxd5 13.exd5 exd5 14.Bd3 c4 15.Bf5 Qe7+
16.Kf1 Nc6 17.Kg2 O-O 18.Bf4 Qc5 19.Qb1 g6 20.Ng4 Kg7 21.Nf6 d4 22.Bxd7 Ne5
23.Bxc8 Nd3 24.Qxd3 cxd3 25.Rac1 Qa5 26.Bxb7 Rab8 27.Be4 d2 28.Rc2 Rfc8 29.Rxd2 Rb5
30.h4 h6 31.Rxd4 Rb2+ 32.Kg3 hxg5 33.hxg5 Rh8 34.Rxh8 Qe1+ 35.Kh3 Qh1+ 36.Kg4 Rg2+
37.Bg3 Qxh8 38.Rd7 Qh2  0-1

[Event "40th TCh-GRE 2012"]
[Site "Achaea GRE"]
[Date "2012.07.05"]
[Round "7.3"]
[White "Tsakiris,H"]
[Black "Palaskos,M"]
[Result "1-0"]
[WhiteElo "1984"]
[BlackElo "1697"]

1.d4 Nf6 2.c4 e6 3.Nc3 Bb4 4.f3 O-O 5.a3 Bxc3+ 6.bxc3 Nh5 7.Nh3 f5 8.Bg5 Qe8
9.g4 fxg4 10.fxg4 Nf6 11.Qd3 Nxg4 12.Qg3 h5 13.Nf4 Nc6 14.h3 Nf6 15.Rg1 Ne4
16.Qh4 Nxg5 17.Qxg5 Qe7 18.Qg3 h4 19.Qg4 Rf6 20.Ng6 Qf7 21.Qh5 Rxg6 22.Rxg6 b6
23.Rg5 Qe7 24.Rg4 Qf7 25.Qxf7+ Kxf7 26.Bg2 Bb7 27.Rxh4 Kg8 28.Kd2 Re8 29.Rg1 Ba6
30.Bxc6 dxc6 31.Rhg4 Re7 32.Kd3 Rd7 33.Rg5 c5 34.e3 Kf8 35.a4 Kg8 36.a5 cxd4
37.cxd4 c5 38.axb6 axb6 39.Kc3 cxd4+ 40.exd4 Rc7 41.c5 Bb7 42.Kb4 bxc5+ 43.dxc5 Bd5
44.h4 Kh7 45.Kb5 Rb7+ 46.Ka6 Rc7 47.Rxd5 exd5 48.Kb6 Rf7 49.c6 Rf2 50.Rc1 Rf6
51.Kc5 Kh6 52.c7 Rf8 53.Kxd5 Kh5 54.c8=Q Rxc8 55.Rxc8 Kxh4 56.Ke4 Kg4 57.Rg8 g5
58.Rg7 Kh4 59.Kf5  1-0

[Event "5th Int ch-Central Serbia 2012"]
[Site "Paracin SRB"]
[Date "2012.07.07"]
[Round "3.28"]
[White "Grujic,N"]
[Black "Skovgaard,Pe2"]
[Result "0-1"]
[WhiteElo "2156"]
[BlackElo "2306"]

1.d4 Nf6 2.c4 e6 3.Nc3 Bb4 4.f3 d5 5.a3 Bxc3+ 6.bxc3 c5 7.cxd5 Nxd5 8.dxc5 f5
9.Nh3 Qa5 10.Qb3 Nc6 11.Nf4 O-O 12.Nxd5 exd5 13.Qxd5+ Kh8 14.Bb2 Rd8 15.Qc4 b6
16.e3 bxc5 17.a4 Ne5 18.Qb5 Qc7 19.Rd1 Rxd1+ 20.Kxd1 Bd7 21.Qb3 Rb8 22.Qa2 c4
23.Bc1 Qa5 24.Qa3 Qxa4+ 25.Qxa4 Bxa4+ 26.Ke1 Rb1 27.Kd2 Bb3 28.Be2 Ra1 29.Rf1 Ra2+
30.Ke1 a5 31.e4 a4 32.f4 Nd3+ 33.Bxd3 cxd3 34.exf5 Re2+  0-1

[Event "8th RUS-CHN Summit Men Rapid"]
[Site "St Petersburg RUS"]
[Date "2012.07.07"]
[Round "4"]
[White "Yu Yangyi"]
[Black "Tomashevsky,E"]
[Result "0-1"]
[WhiteElo "2656"]
[BlackElo "2733"]

1.d4 Nf6 2.c4 e6 3.Nc3 Bb4 4.f3 d5 5.a3 Bxc3+ 6.bxc3 O-O 7.e3 c6 8.Bd3 b6
9.cxd5 cxd5 10.Ne2 Ba6 11.O-O Qc8 12.e4 Bxd3 13.Qxd3 Qa6 14.Qe3 Nc6 15.e5 Nd7
16.f4 f5 17.exf6 Rxf6 18.a4 Na5 19.Ba3 Nc4 20.Qd3 Re8 21.Ng3 Qc8 22.Bc1 Rf7
23.f5 Nf6 24.Bg5 Ne4 25.Nxe4 dxe4 26.Qxe4 exf5 27.Qd5 Qe6 28.Qxe6 Rxe6 29.Rfe1 Re4
30.g3 h6 31.Bf4 g5 32.Be5 Rxe1+ 33.Rxe1 Re7 34.Kf2 Nxe5 35.dxe5 Kf7 36.h4 Rc7
37.hxg5 hxg5 38.e6+ Ke7 39.a5 Rxc3 40.axb6 axb6 41.Rb1 Rc6 42.Rb5 Rxe6 43.g4 fxg4
44.Rxg5 Kd6 45.Rxg4 b5 46.Rg5 Kc6 47.Kf3 b4 48.Kf2 Re8 49.Rh5 Re7 50.Rg5 b3
51.Rh5 b2 52.Rh1 Rb7 53.Rb1 Kc5  0-1

[Event "FSGM July 2012"]
[Site "Budapest HUN"]
[Date "2012.07.08"]
[Round "2.4"]
[White "Toth,E"]
[Black "Idani,P"]
[Result "0-1"]
[WhiteElo "2477"]
[BlackElo "2473"]

1.d4 Nf6 2.c4 e6 3.Nc3 Bb4 4.f3 O-O 5.a3 Bxc3+ 6.bxc3 Ne8 7.e4 b6 8.Bd3 Ba6
9.a4 Nc6 10.Qe2 e5 11.Ba3 d6 12.Bb2 Na5 13.Nh3 c5 14.d5 f5 15.g3 fxe4 16.fxe4 h6
17.Nf2 Qf6 18.Ng4 Qf3 19.Qxf3 Rxf3 20.Ke2 Rf7 21.Ne3 Nf6 22.Rhf1 Raf8 23.Rae1 g6
24.Bc1 Bc8 25.Bc2 Kg7 26.Bd3 Bd7 27.Rf2 Ng4 28.Rxf7+ Rxf7  0-1

[Event "4th Rethymno Open"]
[Site "Rethymno GRE"]
[Date "2012.07.08"]
[Round "3.25"]
[White "Sirletti,S"]
[Black "Volkov,Sergey1"]
[Result "0-1"]
[WhiteElo "1948"]
[BlackElo "2594"]

1.d4 Nf6 2.c4 e6 3.Nc3 Bb4 4.f3 c5 5.e3 Bxc3+ 6.bxc3 Nc6 7.e4 d6 8.Be3 Qa5
9.Qd2 b6 10.Bd3 Ba6 11.Nh3 O-O-O 12.a4 Kb7 13.Ke2 cxd4 14.cxd4 Qxd2+ 15.Kxd2 Na5
16.Ra3 Bxc4 17.Rb1 Rc8 18.Bf4 Rhd8 19.g4 e5 20.Bg5 d5 21.Bxf6 gxf6 22.exd5 Bxd3
23.Rxd3 Nc4+ 24.Ke2 Rxd5 25.dxe5 Rxd3 26.Kxd3 Nxe5+ 27.Ke4 Rc4+ 28.Kf5 Rxa4
29.f4 Nd7 30.Rd1 Ra5+ 31.Ke4 Kc6 32.Nf2 Nc5+ 33.Ke3 Ra3+ 34.Ke2 a5 35.Rd8 Ne6
36.Rc8+ Kd5 37.Nd3 Ke4 38.Rc4+ Nd4+  0-1

[Event "35th Barbera Open A"]
[Site "Barbera del Valles ESP"]
[Date "2012.07.10"]
[Round "7.27"]
[White "Shatko,D"]
[Black "Vehi Bach,V"]
[Result "0-1"]
[WhiteElo "2143"]
[BlackElo "2362"]

1.d4 Nf6 2.c4 e6 3.Nc3 Bb4 4.f3 O-O 5.e4 d5 6.e5 Nfd7 7.a3 Bxc3+ 8.bxc3 dxc4
9.Bxc4 Nxe5 10.Bb3 Ng6 11.Ne2 c5 12.O-O Nd7 13.Be3 Qc7 14.Qd3 b6 15.Bf2 Bb7
16.Bg3 Qc8 17.Qe3 c4 18.Bc2 Nf6 19.h4 Qc6 20.Nf4 Nxf4 21.Bxf4 Nd5 22.Qd2 Nxf4
23.Qxf4 Rad8 24.Rfe1 Qd6 25.Qg4 Bd5 26.Re5 f6 27.Re3 f5 28.Qh5 Rf6 29.Re5 Rg6
30.Kf2 Rf8 31.g3 Qc6 32.Re3 b5 33.Rg1 Qd6 34.g4 Qf4 35.g5 a5 36.Re2 Bc6 37.Rge1 Be8
38.d5 Rh6 39.Qxh6 gxh6 40.Rxe6 Bh5 41.R1e3 Qh2+  0-1

[Event "5th Int ch-Central Serbia 2012"]
[Site "Paracin SRB"]
[Date "2012.07.10"]
[Round "5.37"]
[White "Grujic,N"]
[Black "Jovanovic,Alek SRB"]
[Result "0-1"]
[WhiteElo "2156"]
[BlackElo "2200"]

1.d4 Nf6 2.c4 e6 3.Nc3 Bb4 4.f3 d5 5.a3 Bxc3+ 6.bxc3 b6 7.cxd5 exd5 8.e3 O-O
9.Bd3 Ba6 10.Ne2 Bxd3 11.Qxd3 Re8 12.O-O c5 13.Ng3 Nc6 14.Ra2 Rc8 15.Re2 Rc7
16.Rd1 Qc8 17.Bb2 Na5 18.e4 dxe4 19.fxe4 cxd4 20.cxd4 Nc4 21.Bc1 Rc6 22.Bf4 b5
23.Rf1 Ra6 24.Bc1 Qd7 25.Nf5 Rae6 26.Rfe1 Qb7 27.Ng3 Qb6 28.Kh1 Rd8 29.Rd1 Ne5
30.Qd2 Red6 31.Nf5 R6d7 32.Qg5 Ng6 33.Bb2 Re8 34.Rde1 h6 35.Qg3 Nh5 36.Qf3 Nhf4
37.Re3 Rc7 38.h4 Rc2 39.Rg1 Rxb2 40.h5 Ne6 41.hxg6 fxg6 42.Rge1 Ng5 43.Nxh6+ gxh6
44.Qg4 Qxd4  0-1

[Event "16th Godesburg Open"]
[Site "Bad Godesberg GER"]
[Date "2012.07.11"]
[Round "5.11"]
[White "Ter Steeg,M"]
[Black "Florstedt,Johannes"]
[Result "1-0"]
[WhiteElo "1905"]
[BlackElo "2071"]

1.d4 e6 2.c4 Bb4+ 3.Nc3 Nf6 4.f3 d5 5.a3 Bxc3+ 6.bxc3 c5 7.cxd5 Nxd5 8.dxc5 Qa5
9.e4 Nxc3 10.Qd2 Nc6 11.Bb2 Na4 12.Qxa5 Nxa5 13.Bxg7 Rg8 14.Bf6 Bd7 15.Rd1 a6
16.Nh3 Rc8 17.Nf4 Rxc5 18.Bd4 Rc2 19.Nh5 Ke7 20.Bf6+ Ke8 21.Bh4 Rg6 22.Nf6+ Rxf6
23.Bxf6 Ra2 24.Ra1 Rc2 25.h4 Nc3 26.Bd3 Nb3 27.Bxc2 Nxa1 28.Bd3  1-0

[Event "34th Oberwart Open A"]
[Site "Oberwart AUT"]
[Date "2012.07.11"]
[Round "5.14"]
[White "Sandhoefner,F"]
[Black "Izso,D"]
[Result "1/2-1/2"]
[WhiteElo "2228"]
[BlackElo "2331"]

1.d4 Nf6 2.c4 e6 3.Nc3 Bb4 4.f3 d5 5.a3 Bxc3+ 6.bxc3 c5 7.cxd5 Nxd5 8.dxc5 f5
9.Nh3 O-O 10.Nf4 Nc7 11.Qxd8 Rxd8 12.e4 fxe4 13.fxe4 Bd7 14.Bc4 Nba6 15.Be3 Bb5
16.Ba2 Re8 17.O-O-O Re7 18.Rd6 Rae8 19.Bf2 Kf7 20.a4 Bxa4 21.Bh4 Nxc5 22.Rf1 Kg8
23.Bxe7 Rxe7 24.e5 Re8 25.Kb2  1/2-1/2

[Event "Turkish Bank Chess League 2012"]
[Site "Konya TUR"]
[Date "2012.07.12"]
[Round "2"]
[White "Yasin,H"]
[Black "Paichadze,L"]
[Result "0-1"]
[WhiteElo "2129"]
[BlackElo "2501"]

1.d4 Nf6 2.c4 e6 3.Nc3 Bb4 4.f3 c5 5.d5 Bxc3+ 6.bxc3 Qa5 7.Bd2 O-O 8.e4 d6
9.Ne2 Nbd7 10.dxe6 fxe6 11.Bf4 e5 12.Bd2 Nb6 13.Ng3 Be6 14.Nf5 Bxf5 15.exf5 e4
16.fxe4 Nxe4 17.Bd3 Nxd2 18.Qxd2 Rae8+ 19.Kf2 d5 20.Rhe1 Rd8 21.cxd5 Rxd5
22.Qc2 c4 23.Be4 Qc5+ 24.Re3 Re5 25.Re1 Kh8 26.g4 Rfe8 27.Kf3 Nd7 28.R3e2 R5e7
29.Kg2 Ne5 30.h3 Qd6 31.Qa4 h5 32.Bxb7 Nd3 33.Qxe8+ Rxe8 34.Rxe8+ Kh7 35.R1e3 Qf4
36.Rf3 Qd2+ 37.Kg3 h4+ 38.Kxh4 Qh6+ 39.Kg3 Qd6+ 40.Kg2 Qd7 41.Rfe3 Qxb7+
42.Kg3 Qc7+ 43.Kh4 Qh2 44.Rf3 Ne5 45.Rf1 Qe2  0-1

[Event "2nd Polugaevsky Mem"]
[Site "Samara RUS"]
[Date "2012.07.12"]
[Round "8.38"]
[White "Velichko,Artemy"]
[Black "Korovin,Mikhail"]
[Result "1/2-1/2"]
[WhiteElo "1761"]
[BlackElo "2110"]

1.d4 e6 2.c4 Nf6 3.Nc3 Bb4 4.f3 O-O 5.a3 Bxc3+ 6.bxc3 b6 7.e4 Ne8 8.Qc2 Nc6
9.Bd3 e5 10.d5 Na5 11.f4 f6 12.Nf3 Nd6 13.O-O Naxc4 14.fxe5 fxe5 15.Bg5 Qe8
16.Qe2 Na5 17.Nh4 Nf7 18.Be3 d6 19.Nf5 Bxf5 20.exf5 e4 21.Bb5 Qd8 22.Bd4 Nb3
23.Rad1 Nc5 24.f6 g6 25.Bxc5 bxc5 26.Qxe4 Ne5 27.Qh4 Rb8 28.a4 a6 29.Bxa6 Nd7
30.Bb5 Rxf6 31.Rxf6 Qxf6 32.Qxf6 Nxf6 33.c4 Ra8 34.Bc6 Ra5 35.Rb1 Ne4 36.Rb8+ Kg7
37.Rb7 Nc3 38.Rxc7+ Kf6 39.Rxh7 Nxa4 40.Bxa4 Rxa4 41.Rh4 Kf5 42.h3 g5 43.Rg4 Ra3
44.Kf2 Rc3 45.Ke2 Rc1 46.Kf2 Rc2+ 47.Kf1 Rd2 48.Ke1 Rd3 49.Ke2 Ra3 50.Kf2  1/2-1/2

[Event "34th Oberwart Open A"]
[Site "Oberwart AUT"]
[Date "2012.07.13"]
[Round "7.8"]
[White "Liedl,W"]
[Black "Schneider Zinner,H"]
[Result "0-1"]
[WhiteElo "2255"]
[BlackElo "2377"]

1.d4 Nf6 2.c4 e6 3.Nc3 Bb4 4.f3 O-O 5.e4 d5 6.e5 Nfd7 7.cxd5 exd5 8.f4 c5
9.a3 Ba5 10.Be3 cxd4 11.Bxd4 Nc6 12.Nf3 Bxc3+ 13.Bxc3 Nc5 14.Be2 Ne6 15.Qd2 d4
16.Bb4 Nxb4 17.axb4 d3 18.Bxd3 Qb6 19.f5 Nd4 20.Nxd4 Qxd4 21.Qc3 Qh4+ 22.g3 Qh3
23.f6 Bf5 24.Rd1 Rac8 25.Qd4 Bg4 26.Be2 Bxe2 27.Kxe2 Qg2+ 28.Ke3 Rc2 29.Kf4 Rxb2
30.fxg7 Re8 31.h4 Rf2+ 32.Kg4 h5+ 33.Kxh5 Qxg3  0-1

[Event "34th Oberwart Open A"]
[Site "Oberwart AUT"]
[Date "2012.07.13"]
[Round "7.9"]
[White "Sandhoefner,F"]
[Black "Danner,G"]
[Result "0-1"]
[WhiteElo "2228"]
[BlackElo "2370"]

1.d4 Nf6 2.c4 e6 3.Nc3 Bb4 4.f3 Nc6 5.a3 Bxc3+ 6.bxc3 e5 7.e4 O-O 8.Be3 d6
9.Bd3 Nh5 10.Ne2 g6 11.O-O f5 12.f4 Ng7 13.fxe5 dxe5 14.d5 Ne7 15.g3 fxe4
16.Rxf8+ Qxf8 17.Bxe4 Nef5 18.Qd3 Nxe3 19.Qxe3 Bh3 20.c5 Rd8 21.c4 Nf5 22.Qf2 Qe7
23.Rb1 b6 24.d6 cxd6 25.cxb6 axb6 26.Qxb6 Rf8 27.a4 Qf6 28.Qf2 Qd8 29.Qa7 Qf6
30.Qf2 Qg5 31.Bd5+ Kg7 32.Qa7+ Ne7 33.Kh1 Kh6 34.Rb7 Rf1+ 35.Ng1 Rxg1+ 36.Qxg1 Nxd5
37.cxd5 Qd2 38.Rb5 Bf5 39.Qf1 Qd4 40.h4 Be4+ 41.Kh2 Qd2+ 42.Kg1 Bxd5 43.Rb1 Qe3+
44.Kh2 Qd2+ 45.Kg1 Qd4+ 46.Kh2 Qxa4 47.Qc1+ Kg7 48.Qc7+ Bf7 49.Rb6 Qa2+ 50.Kh3 Qd5
51.Kh2 Qd2+ 52.Kg1 Qe1+ 53.Kg2 Qe2+ 54.Kg1 Qf3 55.Kh2 Qf2+ 56.Kh3 Qg1 57.Rxd6 Qh1+
58.Kg4 h5+ 59.Kg5 Qe4  0-1

[Event "Irish Championships 2012"]
[Site "Dublin IRL"]
[Date "2012.07.14"]
[Round "8.3"]
[White "Cafolla,P"]
[Black "Killane,J"]
[Result "1-0"]
[WhiteElo "2027"]
[BlackElo "2011"]

1.d4 Nf6 2.c4 e6 3.Nc3 Bb4 4.f3 c5 5.d5 b5 6.e4 O-O 7.Bg5 h6 8.Bh4 d6 9.a3 Bxc3+
10.bxc3 g5 11.Bg3 exd5 12.cxd5 Ba6 13.Bd3 Qe7 14.Ne2 Nbd7 15.O-O Ne5 16.a4 Nxd3
17.Qxd3 Rab8 18.axb5 Bxb5 19.c4 Be8 20.Ra6 Rb6 21.Rfa1 Nh5 22.Rxa7 Qf6 23.Be1 Nf4
24.Nxf4 Qxf4 25.g3 Qf6 26.Bc3 Qg6 27.Rb1 Rxb1+ 28.Qxb1 f5 29.Rg7+ Qxg7 30.Bxg7 Kxg7
31.Qb2+  1-0

[Event "16th Battle of Senta Open A"]
[Site "Senta SRB"]
[Date "2012.07.14"]
[Round "1.8"]
[White "Andrejic,V"]
[Black "Stankovic,Milo"]
[Result "1/2-1/2"]
[WhiteElo "2182"]
[BlackElo "2369"]

1.d4 Nf6 2.c4 e6 3.Nc3 Bb4 4.f3 d5 5.a3 Bxc3+ 6.bxc3 c5 7.cxd5 exd5 8.e3 O-O
9.Bd3 b6 10.Ne2 Ba6 11.O-O Bxd3 12.Qxd3 Re8 13.Ng3 Nc6 14.Re1 Qd7 15.Bb2 Rad8
16.Rad1 Qc8 17.e4 dxe4 18.fxe4 Ne5 19.Qf1 cxd4 20.cxd4 Nc4 21.Bc1 Re6 22.Kh1 Rde8
23.d5 Rd6 24.Bf4 Rd7 25.Rc1 b5 26.a4 a6 27.axb5 axb5 28.Bg5 Ng4 29.Nf5 Qb8
30.g3 Qb6 31.Rc2 Qg6 32.Bf4 h6 33.Qd3 Qh5 34.Qc3 Nf6 35.Nxh6+ gxh6 36.Qxf6 Rxe4
37.Rf1 Qxd5 38.Kg1 Re6 39.Qh4 Qd4+ 40.Rcf2 Rg6 41.Qh5 Rd5 42.Qe2 Re6 43.Qg4+ Qg7
44.Qxg7+ Kxg7 45.Bc1 f6 46.Rf4 h5 47.Kg2 Ne5 48.Bb2 Rd2+ 49.R1f2 Rxf2+ 50.Rxf2 Nd3
51.Rd2 Nxb2 52.Rxb2 Re5 53.Kf3 f5 54.Rc2 Kf6 55.Rc7 Rd5 56.Rh7 Ke5 57.Rxh5 b4
58.g4 Kd4 59.gxf5 b3 60.Rh4+ Kc3 61.Rh8 Rxf5+ 62.Kg4 Rb5 63.Rc8+ Kb4 64.Rc1 b2
65.Rb1 Kc3 66.h4 Kc2 67.Rxb2+ Rxb2 68.h5 Kd3 69.Kf5 Rf2+ 70.Kg6 Ke4 71.h6 Ke5
72.h7 Ke6 73.h8=Q Rg2+ 74.Kh7 Rh2+ 75.Kg8 Rxh8+ 76.Kxh8  1/2-1/2

[Event "Int Open ch-SVK 2012"]
[Site "Banska Stiavnica SVK"]
[Date "2012.07.15"]
[Round "9.18"]
[White "Kantorik,M"]
[Black "Mulenko,A"]
[Result "1-0"]
[WhiteElo "2305"]
[BlackElo "2060"]

1.d4 Nf6 2.c4 e6 3.Nc3 Bb4 4.f3 d5 5.a3 Be7 6.e4 dxe4 7.fxe4 e5 8.d5 Bc5
9.Nf3 a5 10.Bg5 h6 11.Bh4 Bg4 12.h3 Bxf3 13.Qxf3 Nbd7 14.Bd3 Bd4 15.Bc2 c6
16.O-O-O Qb6 17.Rhe1 O-O-O 18.dxc6 bxc6 19.Na4 Qa7 20.Kb1 Kb8 21.c5 Nxc5
22.Bxf6 gxf6 23.Qxf6 Nxa4 24.Bxa4 Rc8 25.Rd3 Qc7 26.Rc1 Ka7 27.Rxc6  1-0

[Event "Sparkassen Open A"]
[Site "Dortmund GER"]
[Date "2012.07.15"]
[Round "2.34"]
[White "Strathoff,M"]
[Black "Schaller,Fabian"]
[Result "1-0"]
[WhiteElo "2074"]
[BlackElo "1939"]

1.d4 e6 2.c4 Nf6 3.Nc3 Bb4 4.f3 d5 5.a3 Bxc3+ 6.bxc3 O-O 7.Bg5 c5 8.cxd5 exd5
9.dxc5 Qa5 10.Bxf6 gxf6 11.Kf2 Qxc3 12.Rc1 Qxa3 13.e3 Nc6 14.Bd3 Ne5 15.Bb1 Nc4
16.Qd3 Qxd3 17.Bxd3 Ne5 18.Bb1 Bd7 19.Ne2 Rfe8 20.Nf4 Bc6 21.Nh5 Nd7 22.Bf5 Re5
23.g4 Nf8 24.f4 Re7 25.Rhd1 Rd8 26.Nxf6+ Kg7 27.g5 Ng6 28.Rd4 h6 29.Nh5+ Kh7
30.h4 Kh8 31.Rh1 a5 32.Nf6 Kg7 33.h5 Nf8 34.Ng4 hxg5 35.fxg5 Ne6 36.h6+ Kh8
37.Bxe6 Rxe6 38.Rf4 d4 39.Re1 dxe3+ 40.Rxe3 Rxe3 41.Kxe3 Re8+ 42.Kd3 Re7
43.Nf6 Bb5+ 44.Kd4 Re1 45.Ne4 Rd1+ 46.Ke5 Bc4 47.Nd6 Bd5 48.Nxf7+ Bxf7 49.Rxf7 Kg8
50.Rxb7 a4 51.Kf6 Rd8 52.c6 Rd6+ 53.Kf5 Rxc6 54.g6 Rc8 55.h7+ Kh8 56.Kg5  1-0

[Event "34th Oberwart Open A"]
[Site "Oberwart AUT"]
[Date "2012.07.15"]
[Round "9.10"]
[White "Menezes,Chr"]
[Black "Izso,D"]
[Result "1/2-1/2"]
[WhiteElo "2273"]
[BlackElo "2331"]

1.d4 Nf6 2.c4 e6 3.Nc3 Bb4 4.f3 d5 5.a3 Bxc3+ 6.bxc3 c5 7.cxd5 exd5 8.e3 O-O
9.Bd3 Re8 10.Ne2 b6 11.O-O Ba6 12.Ra2 Bxd3 13.Qxd3 Nc6 14.Ng3 Rc8 15.Re2 Re6
16.Bb2 Na5 17.e4 cxd4 18.cxd4 Rec6 19.Rfe1 g6 20.e5 Ne8 21.f4 Nc4 22.Ba1 Qe7
23.Qf3 Nc7 24.Qg4 Qf8 25.f5 Kh8 26.Rf2 Nxa3 27.Ref1 Qg8 28.Bb2 Nc2 29.Bc1 gxf5
30.Qd1 Ne6 31.Nxf5 Ncxd4 32.Ba3 Nxf5 33.Rxf5 Rc2 34.Qxd5 Rd8 35.Qe4 Rdd2
36.R5f2 Rxf2 37.Rxf2 Rxf2 38.Kxf2 Qg5 39.Qa8+ Kg7 40.Qxa7 Qf4+ 41.Ke2 Qxe5+
42.Kd3 Nf4+ 43.Kc2 Qe4+ 44.Kb3 Qd5+ 45.Kc2 Qxg2+ 46.Kb1 Qe4+ 47.Ka2 Qc4+
48.Ka1 Nd5 49.Bb2+ Kg6 50.Qa3 f6 51.Qf8 Nb4 52.Qxf6+ Kh5 53.Qf5+ Kh6 54.Qf6+  1/2-1/2

[Event "Turkish Bank Chess League 2012"]
[Site "Konya TUR"]
[Date "2012.07.18"]
[Round "8"]
[White "Yasin,H"]
[Black "Genc,C"]
[Result "0-1"]
[WhiteElo "2129"]
[BlackElo "2203"]

1.d4 Nf6 2.c4 e6 3.Nc3 Bb4 4.f3 d5 5.a3 Bxc3+ 6.bxc3 O-O 7.e3 c5 8.cxd5 exd5
9.Bd3 Nc6 10.Ne2 Re8 11.O-O Qd6 12.Ng3 Bd7 13.Ra2 Rac8 14.Re1 Na5 15.Rae2 cxd4
16.cxd4 Nc4 17.Qb3 b5 18.Bf5 Bxf5 19.Nxf5 Qd7 20.Qd3 g6 21.Nh6+ Kg7 22.e4 dxe4
23.fxe4 Ne5 24.Qd2 Nc4 25.Nf5+ Kg8 26.Qh6 Nh5 27.d5 Nd6 28.g4 Nxf5 29.gxf5 Rc4
30.Bb2 Qd8 31.fxg6 fxg6 32.Rg2 Qb6+ 33.Kh1 Rcxe4 34.Rf1 Re1 35.Rgg1 Qd6 36.Qg5 Rxf1
37.Rxf1 Re2 38.Be5 Qxd5+ 39.Kg1 Rxe5 40.Qc1 Rg5+ 41.Kf2 Rg2+ 42.Ke3 Qg5+  0-1

[Event "23rd Czech Open Rapid"]
[Site "Pardubice CZE"]
[Date "2012.07.18"]
[Round "3.1"]
[White "Toth,E"]
[Black "Navara,D"]
[Result "0-1"]
[WhiteElo "2477"]
[BlackElo "2679"]

1.d4 Nf6 2.c4 e6 3.Nc3 Bb4 4.f3 c5 5.d5 b5 6.e4 O-O 7.e5 Ne8 8.f4 d6 9.Nf3 exd5
10.cxd5 Nc7 11.Bd3 c4 12.Be4 f5 13.exf6 Qxf6 14.O-O Bf5 15.Bxf5 Bc5+ 16.Kh1 Qxf5
17.Nd4 Bxd4 18.Qxd4 Nba6 19.a4 b4 20.Nb5 Qxd5 21.Qxd5+ Nxd5 22.Nxd6 c3 23.bxc3 bxc3
24.Ba3 Rxf4 25.Rxf4 Nxf4 26.Rc1 Rb8 27.Nb5 Ne2 28.Rc2 Rd8 29.Bd6 Nb4 30.Rxe2 c2
31.Re1 Nd3 32.Rf1 c1=Q 33.Rxc1 Nxc1 34.h3 a6 35.Bc7  0-1

[Event "Sparkassen Open A"]
[Site "Dortmund GER"]
[Date "2012.07.19"]
[Round "6.43"]
[White "Bausch,T"]
[Black "Deinert,W"]
[Result "1-0"]
[WhiteElo "1947"]
[BlackElo "1811"]

1.d4 Nf6 2.c4 e6 3.Nc3 Bb4 4.f3 O-O 5.a3 Bxc3+ 6.bxc3 b6 7.Bg5 h6 8.Bh4 c5
9.e4 d6 10.Bd3 Nc6 11.Ne2 e5 12.O-O Qe7 13.d5 Na5 14.Nc1 Ba6 15.Qe2 g5 16.Be1 Qd7
17.a4 Nh5 18.g3 Qh3 19.Bd2 Kh8 20.Rf2 Rg8 21.Rb1 Rg7 22.Nb3 Nxb3 23.Rxb3 Rag8
24.Qf1 Qxf1+ 25.Kxf1 Nf6 26.Rb1 Nd7 27.Ke2 f6 28.Rh1 Rh7 29.h4 gxh4 30.Rxh4 Rxg3
31.Rfh2 Kg7 32.Bxh6+ Kf7 33.Kf2 Rg8 34.Be3 Rhg7 35.Rh7 Rxh7 36.Rxh7+ Rg7
37.Rh1 Kg8 38.Ra1 Bc8 39.Bf1 Rh7 40.Be2 Rh2+ 41.Kf1 Nf8 42.Bg1 Bh3+ 43.Ke1 Rg2
44.Kd2 Bd7 45.Be3 f5 46.exf5 Bxf5 47.Rg1 Rxg1 48.Bxg1 Ng6 49.Be3 Kf7 50.Bg5 Ke8
51.Bd3 Bxd3 52.Kxd3 Kd7 53.Ke4 Ke8 54.Kf5 Nf8 55.Bh6 Nd7 56.Ke6 e4 57.fxe4 Ne5
58.Bf4 Nxc4 59.Bxd6 Nd2 60.e5 Nf3 61.Bb8 Ng5+ 62.Kf5 Nf3 63.Bxa7  1-0

[Event "2nd Science Park Open A"]
[Site "Amsterdam NED"]
[Date "2012.07.20"]
[Round "7"]
[White "Jacobs,Fl"]
[Black "Van der Lende,I"]
[Result "1-0"]
[WhiteElo "2130"]
[BlackElo "2175"]

1.d4 e6 2.c4 Nf6 3.Nc3 Bb4 4.f3 c5 5.d5 Bxc3+ 6.bxc3 Qa5 7.Bd2 d6 8.e4 O-O
9.Bd3 Nbd7 10.Ne2 Ne5 11.Bg5 Qa6 12.Bxf6 gxf6 13.O-O Kh8 14.f4 Nxc4 15.Qe1 Rg8
16.Qh4 Kg7 17.Ng3 Kf8 18.Qxf6 Bd7 19.f5 exd5 20.exd5 Rg7 21.Nh5 Rxg2+ 22.Kxg2 Ne3+
23.Kh1 Qxd3 24.Qh8+ Ke7 25.f6+  1-0

[Event "23rd Czech Open A"]
[Site "Pardubice CZE"]
[Date "2012.07.21"]
[Round "2.76"]
[White "Grigorian,Sp"]
[Black "Plischki,S"]
[Result "1-0"]
[WhiteElo "2107"]
[BlackElo "2365"]

1.d4 Nf6 2.c4 e6 3.Nc3 Bb4 4.f3 O-O 5.a3 Bxc3+ 6.bxc3 Ne8 7.e4 b6 8.Bd3 Ba6
9.Nh3 Nc6 10.O-O Na5 11.Qe2 Nd6 12.e5 Ne8 13.Bxh7+ Kxh7 14.Ng5+ Kg8 15.Qe4 f5
16.Qh4 Rf7 17.Qh7+ Kf8 18.Qg6 Qe7 19.Qh5  1-0